Les plus gros producteurs de miels dans le monde - Statistiques

Statistiques générales
  • Ce quiz a été pris 138 fois
  • Le résultat moyen est 11 sur 15
Statistiques - réponses
Production (Tonnes) Pays % Correct
69 104 États-Unis
97%
457 203 Chine
96%
67 442 Inde
93%
42 346 Brésil
90%
65 006 Russie
90%
64 253 Mexique
89%
39 116 Canada
86%
79 468 Argentine
83%
36 394 Espagne
82%
114 113 Turquie
73%
77 567 Iran
58%
71 279 Ukraine
55%
29 162 Roumanie
37%
50 000 Éthiopie
21%
30 584 Tanzanie
17%
Aucun quiz correspondant
Distribution des résultats
% des personnes avec chaque résultat
Percentile par nombre de réponses
Votre historique - résultats
Vous n’avez pas pris ce quiz